Služby uživatelům JSK A soustavy VTEI

Uložené v:
Podrobná bibliografia
Hlavný autor: Kábrt, Jiří
Korporativný autor: Univerzita Karlova v Praze
Ďalší autori: Švarcová, Ivana, Černá, Milena
Médium: Kniha
Jazyk:Czech
Vydavateľské údaje: Praha Státní pedagogické nakladatelství 1986
Tagy: Pridať tag
Žiadne tagy, Buďte prvý, kto otaguje tento záznam!

MARC

LEADER 00000nam a2200000 4500
001 c105778
005 20190423105422.8
041 0 |a cze 
044 |a CZ 
245 1 0 |a Služby uživatelům JSK A soustavy VTEI  |c Jiří Kábrt, Ivana Švarcová, Milena Černá 
264 1 |a Praha  |b Státní pedagogické nakladatelství  |c 1986 
300 |a 159 s. 
100 1 |a Kábrt, Jiří 
700 1 |a Švarcová, Ivana 
700 1 |a Černá, Milena 
710 2 |a Univerzita Karlova v Praze